| 000 | 01137nmc a2200409 a 4500 | ||
|---|---|---|---|
| 003 | AR-BaBNM | ||
| 005 | 20251128210317.0 | ||
| 008 | 169119s1967 ||||||||||||||000 | spa|| | ||
| 040 | _cAR-BaBNM | ||
| 100 | 1 | _aLudojoski, Roque Luis | |
| 245 | 1 | 0 | _aEl autogobierno en la pedagogía |
| 260 |
_aBuenos Aires _bGuadalupe _c1967 |
||
| 300 | 0 | _a298 p. | |
| 490 | 0 |
_aLa educación en el tiempo _vv. 3 |
|
| 504 | _aContiene bibliografía p. 295-298 | ||
| 600 | 0 | 4 | _aSócrates |
| 600 | 0 | 4 | _aAristóteles |
| 600 | 1 | 4 | _aRabelais, F. |
| 600 | 1 | 4 |
_aMontaigne, Michel de _d1533-1592 |
| 600 | 1 | 4 | _aComenius, Johann Amos |
| 600 | 1 | 4 | _aLocke, John |
| 600 | 1 | 4 | _aRousseau, Jean-Jacques |
| 600 | 1 | 4 | _aPestalozzi, Johann Heinrich |
| 600 | 1 | 4 | _aDewey, John |
| 600 | 1 | 4 | _aFerrière, A. |
| 650 | 4 | _aAUTOGESTION | |
| 650 | 4 | _aORGANIZACION ESCOLAR | |
| 650 | 4 | _aPEDAGOGIA | |
| 650 | 4 | _aPAPEL DEL ALUMNO | |
| 650 | 4 | _aROL DEL DOCENTE | |
| 650 | 4 | _aDISCIPLINA | |
| 653 | _aINSTITUCIONES EDUCATIVAS | ||
| 653 | _aEXPERIENCIAS EDUCATIVAS | ||
| 810 | 2 | _aInstituto de Profesorado Verbo Divino | |
| 942 | _cBK | ||
| 998 | _cRaquel | ||
| 999 |
_c14898 _d14898 |
||